| 000 | 01088cam a22003011 4500 | ||
|---|---|---|---|
| 001 | 8094 | ||
| 003 | BD-RjUL | ||
| 005 | 20211208234525.0 | ||
| 008 | 140116s1952 enk 000 0 eng d | ||
| 035 | _a(OCoLC)ocm00248637 | ||
| 035 | _a(BD-RjUL)8139 | ||
| 040 |
_aDLC _cWSU _dDLC _dUKM _dIUL _dZCU _dBD-RjUL _beng |
||
| 041 | _aeng | ||
| 082 | 0 | 4 |
_a338.47687 _218 _bHAC 1952 |
| 100 | 1 |
_aHague, Douglas Chalmers. _925241 |
|
| 245 | 1 | 0 |
_aCosts in alternative locations: the clothing industry. _cby Chalmers Hague Douglas |
| 260 |
_bCambridge : _c1952. _aCambridge [Eng.] University Press, |
||
| 300 |
_avii, 73 p. : _c25 cm. |
||
| 490 | 1 |
_aNational Institute of Economic and Social Research. Occasional papers, _v15 |
|
| 650 | 0 |
_aClothing trade _xLocation _zGreat Britain. _925242 |
|
| 650 | 0 |
_aIndustrial location _zGreat Britain. _911279 |
|
| 830 | 0 |
_v15. _925246 |
|
| 700 | 1 |
_aNewman, Peter, _d1928-2001, _eauthor. _925244 |
|
| 830 | 0 |
_aOccasional papers (National Institute of Economic and Social Research) ; _925247 |
|
| 942 |
_2ddc _cBK |
||
| 999 |
_c8094 _d8094 |
||